| 000 | 00797pam a2200229 a 4500 | ||
|---|---|---|---|
| 001 | 479673 | ||
| 005 | 20250209113724.0 | ||
| 008 | 840730s1984 flua b 001 0 eng c | ||
| 020 | _a0808916734 | ||
| 050 | 1 | 0 |
_aRC925.5 _b.M44 1984 |
| 082 | 0 | 0 |
_a616.7/06 _219 |
| 245 | 0 | 0 |
_aMedical management of the regional musculoskeletal diseases : _bbackache, neck pain, disorders of the upper and lower extremities / _cedited by Nortin M. Hadler. |
| 260 |
_aOrlando : _bGrune & Stratton, _cc1984. |
||
| 300 |
_axi, 323 p. : _bill. ; _c27 cm. |
||
| 650 | 0 |
_aMusculoskeletal system _xDiseases _xTreatment. |
|
| 650 | 0 | _aDisability evaluation. | |
| 650 | 0 |
_aPain _xTreatment. |
|
| 650 | 2 |
_aBone Diseases _xtherapy. |
|
| 650 | 2 |
_aMuscular Diseases _xtherapy. |
|
| 700 | 1 | _aHadler, Nortin M. | |
| 942 |
_2lcc _cBK _n0 |
||
| 999 |
_c3728 _d3728 |
||